00301nam a2200133Ia 4500008004100000041000800041082001600049100001300065245003900078260001400117300000800131365001500139700001300154230718s9999 xx 000 0 und d aeng a621.37bSMI aSmith P. aProblems In Electrical Engineering c2001bCBS a395 cRs.b40.00 aSmith P.